000 00229nam a22001097a 4500
082 _a200/PAT
100 _aPattanaik,Devdutt
_979806
245 _aDevlok 2
260 _aHaryana
_bPenguin
_c2017
650 _aMythology
942 _cBK
999 _c68621
_d68621